<?xml version="1.0" encoding="UTF-8"?>
<collection xmlns="http://www.loc.gov/MARC21/slim">
 <record>
  <leader>01666nab a2200217 i 4500</leader>
  <controlfield tag="001">acta12513</controlfield>
  <controlfield tag="005">20220613095623.0</controlfield>
  <controlfield tag="008">161015s1992    hu      o     0||   eng d</controlfield>
  <datafield tag="022" ind1=" " ind2=" ">
   <subfield code="a">0324-721X</subfield>
  </datafield>
  <datafield tag="040" ind1=" " ind2=" ">
   <subfield code="a">SZTE Egyetemi Kiadványok Repozitórium</subfield>
   <subfield code="b">hun</subfield>
  </datafield>
  <datafield tag="041" ind1=" " ind2=" ">
   <subfield code="a">eng</subfield>
  </datafield>
  <datafield tag="100" ind1="1" ind2=" ">
   <subfield code="a">Makjamroen T.</subfield>
  </datafield>
  <datafield tag="245" ind1="1" ind2="4">
   <subfield code="a">The self-organizing list and processor problems under randomized policies</subfield>
   <subfield code="h">[elektronikus dokumentum] /</subfield>
   <subfield code="c"> Makjamroen T.</subfield>
  </datafield>
  <datafield tag="260" ind1=" " ind2=" ">
   <subfield code="c">1992</subfield>
  </datafield>
  <datafield tag="300" ind1=" " ind2=" ">
   <subfield code="a">283-302</subfield>
  </datafield>
  <datafield tag="490" ind1="0" ind2=" ">
   <subfield code="a">Acta cybernetica</subfield>
   <subfield code="v">10 No. 4</subfield>
  </datafield>
  <datafield tag="520" ind1="3" ind2=" ">
   <subfield code="a">We consider the self-organizing list problem in the case that only one item has a different request probability and show that transposition has a steady state cost stochastically smaller than any randomized policy that moves the requested item, found in position t, to position j with some probability dij, i &gt; j. A random variable X is said to be stochastically smaller than another random variable Y, written X &lt;„ Y if Pr{X &gt; Jfc} &lt; Pr{Y &gt; k}, for any k. This is a stronger statement than E[X] &lt; E[Y|. We also show that the steady state cost under the policy that moves the requested item i positions forward is stochastically increasing in t. Sufficient conditions are given for the steady state cost under a randomized policy A to be stochastically smaller than that under another randomized policy B. Similar results are obtained for the processor problem, where a list of processors is considered.</subfield>
  </datafield>
  <datafield tag="650" ind1=" " ind2="4">
   <subfield code="a">Természettudományok</subfield>
  </datafield>
  <datafield tag="650" ind1=" " ind2="4">
   <subfield code="a">Számítás- és információtudomány</subfield>
  </datafield>
  <datafield tag="695" ind1=" " ind2=" ">
   <subfield code="a">Számítástechnika, Kibernetika</subfield>
  </datafield>
  <datafield tag="856" ind1="4" ind2="0">
   <subfield code="u">http://acta.bibl.u-szeged.hu/12513/1/cybernetica_010_numb_004_283-302.pdf</subfield>
   <subfield code="z">Dokumentum-elérés </subfield>
  </datafield>
 </record>
</collection>
